| 000 | 01125nam a2200229Ia 4500 | ||
|---|---|---|---|
| 003 | OSt | ||
| 005 | 20200711230212.0 | ||
| 008 | 191128s1986 ck ad fr 000 0 spa d | ||
| 040 |
_aCO-JMCR _cCO-JMCR |
||
| 041 | 0 | _aspa | |
| 082 | 0 | 4 |
_a338.17373 / _bE182h _223 |
| 100 | 1 |
_aEchavarría Olozaga, Hernán, _eautor _97079 |
|
| 245 | 1 | 3 |
_aEl hueco negro : _bcómo caímos en él, cómo podemos salir, cómo podemos volver a caer / _cHernán Echavarría Olozaga |
| 260 |
_aBogotá : _bEditorial Andes, _c1986 |
||
| 300 |
_a[252] páginas : _bgráficos a blanco y negro ; _c19 cm. |
||
| 505 | 0 | _aCómo caímos en el hueco -- Cómo podemos salir del hueco -- Cómo podemos volver a caer | |
| 520 | 3 | _aLa excesiva expansión monetaria, causada primero por la bonanza cafetera, y luego por los déficits fiscales, nos lanzó a un hueco negro del cual milagrosamente podremos salir, debido a una segunda bonanza, solo si sabemos pilotear la economía | |
| 650 | 1 | 4 |
_aBonanza cafetera _xhistoria _z1967-1979 _97080 |
| 650 | 1 | 4 |
_aCafé _xproducción _y1967-1979 _97081 |
| 650 | 1 | 4 |
_aPolítica económica _y1967-1979 _97082 |
| 942 |
_2ddc _cBK |
||
| 999 |
_c4271 _d4271 |
||